| 000 | 00722nam a22001937a 4500 | ||
|---|---|---|---|
| 999 |
_c18779 _d18779 |
||
| 003 | AR-CdUCM | ||
| 008 | 190515b ||||| |||| 00| 0 spa d | ||
| 040 |
_aMUNICIPALIDAD PROVINCIAL DEL CUSCO _cBIBLIOTECA MUNICIPAL DEL CUSCO |
||
| 082 |
_a869.56 / _bG16 |
||
| 100 |
_aGalvez Barrenechea, José. _927825 |
||
| 245 | _aEvocaciones y remembranzas / | ||
| 260 |
_aLima : _bCrepúsculo de América, _c1971. |
||
| 300 |
_a122 páginas ; _c17 cm. |
||
| 505 | _aContenido : De amanuense a jefe de estado -- México y el Perú -- Canción a la juventud -- El gran funeral -- El primer buque a vapor ... | ||
| 650 |
_aEnsayos peruanos. _9233 |
||
| 650 |
_aSiglo XX. _925610 |
||
| 942 |
_2ddc _cLIBROS |
||
| 945 |
_arum _d2019-05-15 |
||